ESSENTIALS OF PAEDIATRICS AS PER THE CBME CURICULLUM (Record no. 216406)

MARC details
000 -LEADER
fixed length control field 00500nam a22001817a 4500
008 - FIXED-LENGTH DATA ELEMENTS--GENERAL INFORMATION
fixed length control field 260106b |||||||| |||| 00| 0 eng d
020 ## - INTERNATIONAL STANDARD BOOK NUMBER
International Standard Book Number 978-93-93330-40-6
050 ## - LIBRARY OF CONGRESS CALL NUMBER
Classification number RJ 45 .R36 2023
100 ## - MAIN ENTRY--PERSONAL NAME
Personal name RAMANAN PADMASANI VENKAT
245 ## - TITLE STATEMENT
Title ESSENTIALS OF PAEDIATRICS AS PER THE CBME CURICULLUM
260 ## - PUBLICATION, DISTRIBUTION, ETC.
Place of publication, distribution, etc. INDIA
Name of publisher, distributor, etc. UNIVERSITY PRESS
Date of publication, distribution, etc. 2023
300 ## - PHYSICAL DESCRIPTION
Extent X,723
500 ## - GENERAL NOTE
General note INCLUDES AN INDEX
650 ## - SUBJECT ADDED ENTRY
Topical term or geographic name entry element Pediatrics
700 ## - ADDED ENTRY--PERSONAL NAME
Personal name RAMACHANDRAN P
942 ## - ADDED ENTRY ELEMENTS (KOHA)
Source of classification or shelving scheme Library of Congress Classification
Koha item type Long Loan Book
Holdings
Withdrawn status Lost status Source of classification or shelving scheme Damaged status Not for loan Collection Home library Current library Shelving location Date acquired Inventory number Total checkouts Full call number Barcode Date last seen Date last checked out Copy number Price effective from Koha item type
    Library of Congress Classification     Medicine Kisii University Library Kisii University Library On Display 01/06/2026 110726 1 RJ 45 .R36 2023 000000002988 02/06/2026 01/22/2026 C.1 01/06/2026 Long Loan Book
    Library of Congress Classification     Medicine Kisii University Library Kisii University Library On Display 01/06/2026 110727   RJ 45 .R36 2023 000000002987 01/06/2026   C.2 01/06/2026 Long Loan Book
    Library of Congress Classification     Medicine Kisii University Library Kisii University Library On Display 01/06/2026 110728   RJ 45 .R36 2023 000000002999 01/06/2026   C.3 01/06/2026 Long Loan Book
    Library of Congress Classification     Medicine Kisii University Library Kisii University Library On Display 01/06/2026 110729 1 RJ 45 .R36 2023 000000019180 03/02/2026 02/19/2026 C.4 01/06/2026 Long Loan Book
    Library of Congress Classification     Medicine Kisii University Library Kisii University Library On Display 01/06/2026 110730   RJ 45 .R36 2023 000000023871 01/06/2026   C.5 01/06/2026 Long Loan Book
    Library of Congress Classification     Medicine Kisii University Library Kisii University Library On Display 01/06/2026 110731   RJ 45 .R36 2023 000000023870 01/06/2026   C.6 01/06/2026 Long Loan Book
    Library of Congress Classification     Medicine Kisii University Library Kisii University Library On Display 01/06/2026 110732 1 RJ 45 .R36 2023 000000002842 04/07/2026 03/25/2026 C.7 01/06/2026 Long Loan Book